[Event "26th Carlos Torre Mem"]
[Site "Merida MEX"]
[Date "2014.12.18"]
[Round "1.1"]
[White "Bruzon Batista, Lazaro"]
[Black "Carlos Arriaga, Jesus Roberto"]
[Result "1-0"]
[WhiteTitle "GM"]
[WhiteElo "2668"]
[BlackElo "2138"]
[WhiteFideId "3503739"]
[BlackFideId "5104092"]
[EventDate "2014.12.18"]

1. d4 Nf6 2. c4 Nc6 3. Nf3 e6 4. Nc3 Bb4 5. Bd2 O-O 6. Qc2 d6 7. a3 Bxc3 8. Bxc3
Qe7 9. e3 e5 10. d5 Nb8 11. Nd2 a5 12. b3 c6 13. dxc6 bxc6 14. Bb2 d5 15. cxd5
cxd5 16. Rc1 Na6 17. Be2 Bb7 18. O-O Rfc8 19. Qf5 Nd7 20. Rxc8+ Rxc8 21. Bb5
Nac5 22. Rc1 f6 23. a4 Nf8 1-0

[Event "26th Carlos Torre Mem"]
[Site "Merida MEX"]
[Date "2014.12.18"]
[Round "1.2"]
[White "Navarrete Garcia, Alan"]
[Black "Ortiz Suarez, Isan Reynaldo"]
[Result "0-1"]
[WhiteTitle "CM"]
[BlackTitle "GM"]
[WhiteElo "2128"]
[BlackElo "2623"]
[WhiteFideId "5107580"]
[BlackFideId "3507165"]
[EventDate "2014.12.18"]

1. e4 c5 2. Nf3 d6 3. Bb5+ Nd7 4. O-O a6 5. Bd3 Ngf6 6. Re1 b5 7. c3 Bb7 8. Bc2
e5 9. d3 g6 10. Nbd2 Bg7 11. Nf1 O-O 12. h3 d5 13. exd5 Nxd5 14. d4 exd4 15.
cxd4 Nb4 16. Be4 Bxe4 17. Rxe4 cxd4 18. Bg5 Qb6 19. Nxd4 Nc5 20. Rh4 Rad8 21. a3
Nc6 22. Nxc6 Rxd1 23. Ne7+ Kh8 24. Rxd1 Qe6 25. b4 Ne4 26. Re1 f5 27. Ng3 Bd4
28. Nxe4 fxe4 29. Rexe4 Bxf2+ 30. Kh2 Qd6+ 31. Bf4 Rxf4 32. Rhxf4 Be3 33. g3
Qd2+ 34. Kh1 Bxf4 0-1

[Event "26th Carlos Torre Mem"]
[Site "Merida MEX"]
[Date "2014.12.18"]
[Round "1.3"]
[White "Cordova, Emilio"]
[Black "Sanchez Garcia, Iosif"]
[Result "1-0"]
[WhiteTitle "GM"]
[WhiteElo "2616"]
[BlackElo "2122"]
[WhiteFideId "3801497"]
[BlackFideId "5114799"]
[EventDate "2014.12.18"]

1. Nf3 c5 2. g3 b6 3. Bg2 Bb7 4. O-O Nf6 5. c4 e6 6. Nc3 d6 7. Re1 Nbd7 8. e4 a6
9. d4 cxd4 10. Nxd4 Qc7 11. Be3 Be7 12. Rc1 O-O 13. h3 Rac8 14. g4 Rfd8 15. g5
Ne8 16. h4 Qb8 17. Bh3 Nc7 18. h5 Nf8 19. a4 Ne8 20. g6 hxg6 21. hxg6 Nxg6 22.
Nxe6 Rxc4 23. Nxd8 Qxd8 24. Nd5 Rxc1 25. Qxc1 Bxd5 26. exd5 Ne5 27. Re2 Bf8 28.
f4 Nf3+ 29. Kg2 Nh4+ 30. Kf1 Nf6 1-0

[Event "26th Carlos Torre Mem"]
[Site "Merida MEX"]
[Date "2014.12.18"]
[Round "1.4"]
[White "Gongora Montes, Benjamin"]
[Black "Ramirez, Alejandro"]
[Result "0-1"]
[WhiteTitle "IM"]
[BlackTitle "GM"]
[WhiteElo "2110"]
[BlackElo "2579"]
[WhiteFideId "5102987"]
[BlackFideId "6500617"]
[EventDate "2014.12.18"]

1. e4 c5 2. Nf3 e6 3. Nc3 a6 4. Be2 b5 5. d4 cxd4 6. Nxd4 Bb7 7. Be3 b4 8. Na4
Bxe4 9. O-O Nf6 10. Bf3 d5 11. Bxe4 Nxe4 12. Qg4 Nf6 13. Qg3 Nbd7 14. Rfe1 Ne4
15. Qh3 Qf6 16. Rad1 Rc8 17. f3 Nec5 18. Nxc5 Bxc5 19. f4 O-O 20. Rd3 Rfe8 21.
Bf2 Qxf4 22. Rf3 Qh6 23. Qg3 Nf6 24. Be3 Qg6 25. Qh4 Qg4 26. Qf2 Ne4 27. Qe2 Ng5
28. Rg3 Qxe2 29. Rxe2 Ne4 30. Rf3 e5 31. Nf5 d4 32. Bf2 Nxf2 0-1

[Event "26th Carlos Torre Mem"]
[Site "Merida MEX"]
[Date "2014.12.18"]
[Round "1.5"]
[White "Gonzalez Vidal, Yuri"]
[Black "Belmont Hernandez, Andres"]
[Result "1-0"]
[WhiteTitle "GM"]
[WhiteElo "2560"]
[BlackElo "2087"]
[WhiteFideId "3503321"]
[BlackFideId "5100429"]
[EventDate "2014.12.18"]

1. e4 c6 2. d4 d5 3. e5 Bf5 4. Nd2 e6 5. Nb3 Nd7 6. Nf3 a6 7. Be2 c5 8. c3 c4 9.
Nbd2 h6 10. Nf1 Ne7 11. Ng3 Bh7 12. h4 Qc7 13. O-O Nf5 14. Nh5 Rg8 15. g4 Ne7
16. Be3 Be4 17. Ng3 Bxf3 18. Bxf3 Ng6 19. h5 Nh4 20. Be2 f6 21. f4 Be7 22. b3
cxb3 23. Qxb3 Rc8 24. Bd2 Nb6 25. Rab1 Nc4 26. Bxc4 Qxc4 27. Qxc4 Rxc4 28. Rxb7
Ra4 29. f5 Rxa2 30. Bf4 Ng2 31. fxe6 Nxf4 1-0

[Event "26th Carlos Torre Mem"]
[Site "Merida MEX"]
[Date "2014.12.18"]
[Round "1.6"]
[White "Broca Jimenez, Fernando"]
[Black "Obregon Rivero, Juan Carlos"]
[Result "0-1"]
[BlackTitle "IM"]
[WhiteElo "2085"]
[BlackElo "2548"]
[WhiteFideId "5104742"]
[BlackFideId "3507815"]
[EventDate "2014.12.18"]

1. e4 c5 2. Nf3 d6 3. d4 cxd4 4. Nxd4 Nf6 5. Nc3 Nc6 6. Bc4 Qb6 7. Nb3 e6 8. O-O
a6 9. Bf4 Qc7 10. Re1 Be7 11. Be2 O-O 12. Bf3 Ne5 13. Be2 b5 14. f3 Bb7 15. a4
b4 16. Na2 d5 17. exd5 Bxd5 18. Bxa6 Qb6+ 19. Qd4 Qxd4+ 20. Nxd4 Ng6 21. Be3 0-1

[Event "26th Carlos Torre Mem"]
[Site "Merida MEX"]
[Date "2014.12.18"]
[Round "1.8"]
[White "Real Pereyra, Diana Carime"]
[Black "Gonzalez Zamora, Juan Carlos"]
[Result "0-1"]
[WhiteTitle "WIM"]
[BlackTitle "GM"]
[WhiteElo "2077"]
[BlackElo "2523"]
[WhiteFideId "5104106"]
[BlackFideId "3507548"]
[EventDate "2014.12.18"]

1. d4 Nf6 2. Nc3 d5 3. Bg5 Nbd7 4. f3 h6 5. Bh4 e6 6. a3 c5 7. e3 a6 8. Qd2 b5
9. Nge2 Bb7 10. Bf2 Qc7 11. Ng3 Bd6 12. Be2 h5 13. Nf1 h4 14. g3 hxg3 15. Bxg3
Bxg3+ 16. Nxg3 Rh4 17. Nd1 g6 18. Nf2 e5 19. c3 O-O-O 20. Kf1 Rdh8 21. Kg2 Kb8
22. a4 bxa4 23. Rxa4 Nb6 24. Ra2 Nc4 25. Qd3 exd4 26. cxd4 cxd4 27. exd4 Qf4 28.
b3 Ne3+ 29. Kg1 Rxh2 0-1

[Event "26th Carlos Torre Mem"]
[Site "Merida MEX"]
[Date "2014.12.18"]
[Round "2.1"]
[White "Ruiz Sanchez, Orlen"]
[Black "Bruzon Batista, Lazaro"]
[Result "0-1"]
[WhiteTitle "IM"]
[BlackTitle "GM"]
[WhiteElo "2411"]
[BlackElo "2668"]
[WhiteFideId "3506231"]
[BlackFideId "3503739"]
[EventDate "2014.12.18"]

1. e4 c5 2. Nf3 e6 3. d4 cxd4 4. Nxd4 a6 5. Nc3 Qc7 6. Bd3 Bc5 7. Nb3 Be7 8. O-O
b5 9. e5 Bb7 10. f4 f5 11. a4 b4 12. Nb1 Nh6 13. Qh5+ Nf7 14. N1d2 O-O 15. Qe2
Bd5 16. Nc4 d6 17. Be3 Nd7 18. exd6 Nxd6 19. Nxd6 Bxd6 20. Rad1 Nf6 21. a5 Qc8
22. Kh1 Rf7 23. Nd2 Ng4 24. Bb6 Rf6 25. Nc4 Rh6 26. Nxd6 Rxh2+ 27. Kg1 Qc6 28.
Be4 Qxd6 29. Rxd5 exd5 30. Bxf5 0-1

[Event "26th Carlos Torre Mem"]
[Site "Merida MEX"]
[Date "2014.12.18"]
[Round "2.2"]
[White "Ortiz Suarez, Isan Reynaldo"]
[Black "Perez Rodriguez, Luis Manuel"]
[Result "1-0"]
[WhiteTitle "GM"]
[BlackTitle "GM"]
[WhiteElo "2623"]
[BlackElo "2370"]
[WhiteFideId "3507165"]
[BlackFideId "3503364"]
[EventDate "2014.12.18"]

1. c4 e5 2. Nc3 Nf6 3. g3 d5 4. cxd5 Nxd5 5. Bg2 Nb6 6. e3 Be7 7. Nge2 O-O 8.
O-O f5 9. f4 exf4 10. Nxf4 Nc6 11. b3 Kh8 12. Bb2 Bf6 13. Nh5 Be6 14. Nxf6 Qxf6
15. Rc1 Qf7 16. Ne2 Bd5 17. e4 Be6 18. d4 Rad8 19. d5 Bc8 20. Nf4 Qe8 21. Qh5 1-0

[Event "26th Carlos Torre Mem"]
[Site "Merida MEX"]
[Date "2014.12.18"]
[Round "2.3"]
[White "Torres Rosas, Luis Carlos"]
[Black "Cordova, Emilio"]
[Result "1/2-1/2"]
[WhiteTitle "IM"]
[BlackTitle "GM"]
[WhiteElo "2331"]
[BlackElo "2616"]
[WhiteFideId "5111080"]
[BlackFideId "3801497"]
[EventDate "2014.12.18"]

1. d4 Nf6 2. c4 c5 3. d5 b5 4. Nf3 g6 5. Qc2 Bg7 6. e4 O-O 7. cxb5 a6 8. Nc3 d6
9. h3 Ne8 10. a4 axb5 11. Bxb5 Nc7 12. Be2 Nba6 13. O-O f5 14. Bc4 Nb4 15. Qe2
fxe4 16. Ng5 Nd3 17. Ncxe4 Nxc1 18. Raxc1 h6 19. Nf3 Rxa4 20. b3 Ra5 21. Rfe1
Rf7 22. Ng3 Bf6 23. Ne4 Bg7 24. Ng3 Bf6 25. Ne4 Bg7 26. Ng3 Bf6 27. Qd2 1/2-1/2

[Event "26th Carlos Torre Mem"]
[Site "Merida MEX"]
[Date "2014.12.18"]
[Round "2.4"]
[White "Ramirez, Alejandro"]
[Black "Barros Rivadeneira, Cristhian"]
[Result "1-0"]
[WhiteTitle "GM"]
[BlackTitle "IM"]
[WhiteElo "2579"]
[BlackElo "2346"]
[WhiteFideId "6500617"]
[BlackFideId "3609677"]
[EventDate "2014.12.18"]

1. Nf3 Nf6 2. c4 g6 3. g3 Bg7 4. Bg2 O-O 5. O-O d6 6. d4 Nc6 7. Nc3 a6 8. b3 Rb8
9. Bb2 b5 10. cxb5 axb5 11. Rc1 b4 12. Na4 Na7 13. d5 e6 14. dxe6 fxe6 15. Ng5
Nb5 16. f4 Qe7 17. Qe1 h6 18. Nf3 Nd5 19. Bxg7 Qxg7 20. e4 Ndc3 21. Nxc3 Nxc3
22. a3 c5 23. axb4 cxb4 24. e5 d5 25. Ra1 Bd7 26. Qe3 Rb7 27. Nd4 Qe7 28. Kh1
Kh7 29. h4 h5 30. Ra5 Rc8 31. Qd3 Kg7 32. Rfa1 Rc5 33. Rxc5 Qxc5 34. Qa6 Qc8 35.
Kh2 Kf7 36. Bh3 Nb5 37. Nxe6 Qc2+ 38. Bg2 Ra7 39. Ng5+ Ke8 40. Qf6 Rxa1 41. e6
Ra7 42. Qf7+ Kd8 43. exd7 Qc5 1-0

[Event "26th Carlos Torre Mem"]
[Site "Merida MEX"]
[Date "2014.12.18"]
[Round "2.5"]
[White "Sanchez Enriquez, Oscar Gerardo"]
[Black "Gonzalez Vidal, Yuri"]
[Result "1/2-1/2"]
[WhiteTitle "IM"]
[BlackTitle "GM"]
[WhiteElo "2346"]
[BlackElo "2560"]
[WhiteFideId "5106311"]
[BlackFideId "3503321"]
[EventDate "2014.12.18"]

1. e4 c6 2. d4 d5 3. Nc3 dxe4 4. Nxe4 Bf5 5. Ng3 Bg6 6. Nh3 e6 7. Bc4 Bd6 8. O-O
Nd7 9. f4 Ne7 10. Ng5 Nf6 11. c3 Qc7 12. Qe2 O-O-O 13. N3e4 Nxe4 14. Nxe4 Nd5
15. Nxd6+ Rxd6 16. Be3 Rhd8 17. Qf3 R6d7 18. Bf2 h5 19. b4 Bf5 20. h3 Nxf4 21.
Bg3 g5 22. h4 f6 23. Bxf4 gxf4 24. Qxf4 Rg7 25. Rae1 Rdg8 26. Re2 Qxf4 27. Rxf4
Kd7 28. Kh2 Rg4 29. Ref2 Be4 30. Rxg4 Rxg4 31. g3 f5 32. Be2 Rg8 33. Bxh5 a5 34.
a3 axb4 35. axb4 Ra8 36. Bf3 Bd3 37. Rd2 Bc4 38. Be2 Bd5 39. c4 Be4 40. Kg1 Ra3
41. Kf2 Rb3 42. b5 cxb5 43. cxb5 Ke7 44. Ra2 1/2-1/2

[Event "26th Carlos Torre Mem"]
[Site "Merida MEX"]
[Date "2014.12.18"]
[Round "2.6"]
[White "Obregon Rivero, Juan Carlos"]
[Black "Perez Garcia, Rodney Oscar"]
[Result "1-0"]
[WhiteTitle "IM"]
[BlackTitle "IM"]
[WhiteElo "2548"]
[BlackElo "2337"]
[WhiteFideId "3507815"]
[BlackFideId "3500918"]
[EventDate "2014.12.18"]

1. Nf3 d5 2. g3 Nf6 3. Bg2 e6 4. O-O Be7 5. c4 O-O 6. b3 b6 7. Bb2 Bb7 8. d4
dxc4 9. bxc4 c5 10. e3 Nc6 11. Nbd2 Qc7 12. Qe2 Rfd8 13. Rfd1 Rac8 14. Rac1 Qb8
15. h4 a6 16. Bh3 Rc7 17. d5 exd5 18. cxd5 Nxd5 19. e4 Ndb4 20. Nc4 Nxa2 21.
Rxd8+ Bxd8 22. Rd1 Nab4 23. Nxb6 Re7 24. Nd7 Qc7 25. Ng5 Bc8 26. Qh5 h6 27. Nf6+
gxf6 28. Qxh6 Re5 29. Qh7+ Kf8 30. Qh8+ Ke7 31. Nh7 Bxh3 32. Qf8+ Ke6 33. Qe8+ 1-0

[Event "26th Carlos Torre Mem"]
[Site "Merida MEX"]
[Date "2014.12.19"]
[Round "3.1"]
[White "Bruzon Batista, Lazaro"]
[Black "Gonzalez, Renier"]
[Result "1/2-1/2"]
[WhiteTitle "GM"]
[BlackTitle "GM"]
[WhiteElo "2668"]
[BlackElo "2483"]
[WhiteFideId "3503739"]
[BlackFideId "3501841"]
[EventDate "2014.12.18"]

1. e4 e6 2. d4 d5 3. Nd2 dxe4 4. Nxe4 Bd7 5. Nf3 Bc6 6. Bd3 Nd7 7. O-O Be7 8.
Re1 Ngf6 9. Ng3 Bxf3 10. Qxf3 c6 11. c3 O-O 12. Bc2 Re8 13. h4 Qa5 14. Bf4 Qd5
15. Qe2 c5 16. dxc5 Qxc5 17. Rad1 Qc6 18. Ne4 Red8 19. Bg5 h6 20. Bc1 Nc5 21.
Nxf6+ Bxf6 22. Qg4 Kf8 23. Be3 Rac8 24. a3 a6 25. g3 b5 26. Rxd8+ Rxd8 27. Rd1
Rxd1+ 28. Qxd1 Nb7 29. Bf4 Ke7 30. Qe2 Nd6 31. Bd3 Qd5 32. a4 Nc4 33. axb5 axb5
34. Be4 Qc5 35. Bg2 g5 36. hxg5 Bxg5 37. Bxg5+ hxg5 38. b3 Ne5 39. Qd2 f6 40. b4
Qa7 41. Be4 Nc4 42. Qe1 Ne5 43. Kg2 g4 44. Qe2 Qb6 45. Kg1 Kf7 46. Bg2 Ke7 47.
Qe4 Kd6 48. Qf4 Ke7 49. Qh6 f5 50. Qg5+ Kd7 51. Qg7+ Kd6 52. Qf8+ Kd7 53. Qh6
Ke7 54. Qg5+ Kd7 55. Qg7+ Kd6 1/2-1/2

[Event "26th Carlos Torre Mem"]
[Site "Merida MEX"]
[Date "2014.12.19"]
[Round "3.2"]
[White "Jimenez Fraga, Pedro Alejandro"]
[Black "Ortiz Suarez, Isan Reynaldo"]
[Result "0-1"]
[WhiteTitle "IM"]
[BlackTitle "GM"]
[WhiteElo "2470"]
[BlackElo "2623"]
[WhiteFideId "3508188"]
[BlackFideId "3507165"]
[EventDate "2014.12.18"]

1. e4 c5 2. Nf3 d6 3. g3 g6 4. Bg2 Bg7 5. O-O Nc6 6. c3 e5 7. d3 Nge7 8. a3 O-O
9. b4 h6 10. Re1 b6 11. Bb2 Be6 12. Nbd2 Qd7 13. b5 Na5 14. a4 Rad8 15. c4 f5
16. exf5 Bxf5 17. Re3 Bg4 18. Qc2 Rf7 19. Rf1 Rdf8 20. Ne1 Be6 21. Re2 Bg4 22.
Re3 Kh7 23. Nef3 Bh3 24. Rfe1 Bxg2 25. Kxg2 Nf5 26. Re4 Nb7 27. Qd1 Nd4 28. R1e3
Nd8 29. Bxd4 cxd4 30. Re2 Ne6 31. Ne1 Nc5 32. Rh4 g5 33. Rhe4 g4 34. Kg1 h5 35.
h3 Bh6 36. hxg4 Bxd2 37. Qxd2 Nxe4 38. Rxe4 Rxf2 39. Qxf2 Rxf2 40. Kxf2 hxg4 41.
Kg1 Qf5 42. Re2 Qg5 43. Kf1 Qc1 44. Re4 Qd1 45. Kf2 Kg6 46. Re2 Kf5 0-1

[Event "26th Carlos Torre Mem"]
[Site "Merida MEX"]
[Date "2014.12.19"]
[Round "3.3"]
[White "Vera Gonzalez-Quevedo, Reynaldo"]
[Black "Ramirez, Alejandro"]
[Result "0-1"]
[WhiteTitle "GM"]
[BlackTitle "GM"]
[WhiteElo "2445"]
[BlackElo "2579"]
[WhiteFideId "3500055"]
[BlackFideId "6500617"]
[EventDate "2014.12.18"]

1. d4 Nf6 2. c4 c5 3. d5 b5 4. cxb5 a6 5. b6 Qxb6 6. Nc3 g6 7. e4 d6 8. Nf3 Bg7
9. Be2 O-O 10. Nd2 Nbd7 11. Nc4 Qa7 12. Bf4 Rb8 13. O-O Ne8 14. Qd2 Nc7 15. Na5
Bb7 16. Rab1 Ba8 17. Be3 f5 18. exf5 gxf5 19. Bh6 Bxh6 20. Qxh6 Rf6 21. Qe3 Nxd5
22. Nxd5 Bxd5 23. Bf3 Qa8 24. Bxd5+ Qxd5 25. Rbd1 Qe6 26. Qd2 Qxa2 27. Nc6 Rxb2
28. Qg5+ Kf8 29. Rfe1 Re2 30. h3 h6 31. Qh4 Rfe6 32. Rf1 R2e4 33. Qh5 Rf6 34.
Rb1 Qf7 35. Qd1 d5 36. Nb8 Nxb8 37. Rxb8+ Kg7 38. Qb1 Qe6 39. Ra8 Rf8 40. Ra7
Qd6 41. Qa1+ Rf6 42. Rb1 c4 43. Qa4 c3 44. Qe8 Rf8 45. Qh5 d4 0-1

[Event "26th Carlos Torre Mem"]
[Site "Merida MEX"]
[Date "2014.12.19"]
[Round "3.4"]
[White "Borges Matos, Juan"]
[Black "Obregon Rivero, Juan Carlos"]
[Result "1/2-1/2"]
[WhiteTitle "GM"]
[BlackTitle "IM"]
[WhiteElo "2441"]
[BlackElo "2548"]
[WhiteFideId "3500160"]
[BlackFideId "3507815"]
[EventDate "2014.12.18"]

1. Nf3 d5 2. d4 Nf6 3. c4 e6 4. Bg5 Be7 5. Nc3 O-O 6. e3 c6 7. Bd3 Nbd7 8. O-O
b6 9. Qe2 Bb7 10. Rfd1 dxc4 11. Bxc4 Nd5 12. Bxe7 Nxc3 13. bxc3 Qxe7 14. a4 c5
15. a5 e5 16. Qb2 exd4 17. cxd4 Bxf3 18. gxf3 cxd4 19. Rxd4 Ne5 20. Bd5 Rab8 21.
f4 Ng4 22. h3 Nf6 23. Bf3 bxa5 24. Qd2 Qe6 25. Kg2 Rb6 26. Qxa5 1/2-1/2

[Event "26th Carlos Torre Mem"]
[Site "Merida MEX"]
[Date "2014.12.19"]
[Round "3.5"]
[White "Becerra Rivero, Julio"]
[Black "Ibarra Chami, Luis Fernando"]
[Result "1/2-1/2"]
[WhiteTitle "GM"]
[BlackTitle "IM"]
[WhiteElo "2546"]
[BlackElo "2462"]
[WhiteFideId "3501728"]
[BlackFideId "5105048"]
[EventDate "2014.12.18"]

1. e4 c5 2. Nf3 d6 3. Bb5+ Nc6 4. O-O Bd7 5. Re1 Nf6 6. c3 a6 7. Bf1 Bg4 8. h3
Bxf3 9. Qxf3 g6 10. Qd1 Bh6 11. Na3 O-O 12. Nc2 Rc8 13. g3 e6 14. Bg2 b5 15. a4
b4 16. Ne3 d5 17. exd5 exd5 18. d4 cxd4 19. cxd4 Bg7 20. Qd3 Qb6 21. Rd1 Rfd8
22. b3 Ne4 23. Nxd5 Qxd4 24. Qxd4 Bxd4 25. Rxd4 Nxd4 26. Ne7+ Kg7 27. Nxc8 Nc3
28. Nb6 Nxb3 29. Bg5 f6 30. Re1 fxg5 31. Re7+ Kf6 32. Rxh7 Rd1+ 33. Kh2 Nc5 34.
Rc7 b3 35. Rc6+ Kg7 36. Rxc5 b2 37. Rxc3 b1=Q 38. Nd5 Rc1 39. Re3 Qc2 40. Re7+
Kf8 41. Re6 Ra1 42. Rxa6 Qd1 43. g4 Qg1+ 44. Kg3 Ra3+ 45. Ne3 Ra2 46. Ra8+ Kg7
47. Ra7+ Kf8 48. Ra8+ Ke7 49. Nd5+ Kf7 50. Ra7+ Ke6 51. Re7+ Kd6 52. Rf7 Ra3+
53. Ne3 Rxa4 54. Rf6+ Kd7 55. Nd5 Ra3+ 56. Rf3 Rxf3+ 57. Kxf3 Qd1+ 58. Kg3 Qd4
59. Bf3 Kd6 60. Ne3 Kc5 61. Kg2 Qf6 62. Nf1 Kd4 63. Ng3 Kd3 64. Be2+ Kc2 65. Bf3
Qf4 66. Nh1 Kd2 67. Bd5 Ke1 68. Bf3 Qd4 69. Bb7 Qc5 70. Bf3 Qb6 71. Be4 Qc5 72.
Bf3 Qc2 73. Bd5 Qe2 74. Bf3 Qf1+ 75. Kh2 Qc4 76. Kg2 Qf1+ 1/2-1/2

[Event "26th Carlos Torre Mem"]
[Site "Merida MEX"]
[Date "2014.12.19"]
[Round "3.6"]
[White "Miranda Mesa, Elier"]
[Black "Gonzalez Zamora, Juan Carlos"]
[Result "1-0"]
[WhiteTitle "FM"]
[BlackTitle "GM"]
[WhiteElo "2416"]
[BlackElo "2523"]
[WhiteFideId "3510697"]
[BlackFideId "3507548"]
[EventDate "2014.12.18"]

1. e4 c5 2. Nf3 e6 3. d4 cxd4 4. Nxd4 a6 5. Nc3 b5 6. Bd3 Qb6 7. Nb3 Qc7 8. O-O
Bb7 9. Be3 Nf6 10. f4 d6 11. e5 Nd5 12. Nxd5 Bxd5 13. exd6 Bxd6 14. Qh5 g6 15.
Qh4 Nc6 16. c3 O-O 17. Nc5 f5 18. b4 Qg7 19. Qe1 Rfe8 20. a4 e5 21. Qd2 exf4 22.
Bxb5 fxe3 23. Qxd5+ Kh8 24. Bxc6 Rad8 25. Qf3 Qe5 26. g3 e2 27. Rfe1 Bxc5+ 28.
Kh1 Re6 29. bxc5 Qxc5 30. Bb7 Re3 31. Qc6 Qe5 32. Bxa6 Rxc3 33. Qg2 Re3 34. Rab1
Rd2 35. Bb5 Ra2 36. Qa8+ Kg7 37. Qg2 h5 38. Rbc1 Kh6 39. Qa8 Rd2 40. Qg2 Qb2 41.
Qf2 Re4 42. Kg2 h4 43. Bc6 Red4 44. Bf3 R4d3 45. Rc4 Qa3 46. Rxh4+ Kg5 47. Rc4
Re3 48. Bb7 Qd3 49. Qf4+ Kf6 50. Rc6+ Re6 51. Qh4+ 1-0

[Event "26th Carlos Torre Mem"]
[Site "Merida MEX"]
[Date "2014.12.19"]
[Round "3.7"]
[White "Nogueiras Santiago, Jesus"]
[Black "Kjartansson, Gudmundur"]
[Result "1/2-1/2"]
[WhiteTitle "GM"]
[BlackTitle "IM"]
[WhiteElo "2502"]
[BlackElo "2451"]
[WhiteFideId "3500020"]
[BlackFideId "2301318"]
[EventDate "2014.12.18"]

1. d4 d5 2. c4 e6 3. Nc3 c6 4. e4 dxe4 5. Nxe4 Bb4+ 6. Nc3 c5 7. a3 Ba5 8. Nf3
Ne7 9. Bd2 cxd4 10. Nb5 Bxd2+ 11. Qxd2 O-O 12. O-O-O a6 13. Qxd4 Qxd4 14. Nbxd4
b6 15. Bd3 Ra7 16. Rhe1 Rc7 17. Kb1 Rd7 18. Bc2 Rfd8 19. Rd2 Nbc6 20. Nxc6 Nxc6
21. Rxd7 Rxd7 22. Ba4 Bb7 23. Bxc6 Bxc6 24. Ne5 Rd6 25. Nxc6 Rxc6 26. b3 1/2-1/2

[Event "26th Carlos Torre Mem"]
[Site "Merida MEX"]
[Date "2014.12.19"]
[Round "4.1"]
[White "Ortiz Suarez, Isan Reynaldo"]
[Black "Gonzalez Garcia, Jose"]
[Result "1-0"]
[WhiteTitle "GM"]
[BlackTitle "GM"]
[WhiteElo "2623"]
[BlackElo "2496"]
[WhiteFideId "3507165"]
[BlackFideId "5101174"]
[EventDate "2014.12.18"]

1. e4 e6 2. d4 d5 3. Nd2 c5 4. Ngf3 Nf6 5. e5 Nfd7 6. c3 Nc6 7. Bd3 g6 8. O-O
Bg7 9. Bc2 O-O 10. Re1 cxd4 11. cxd4 f6 12. exf6 Qxf6 13. Nb3 e5 14. Be3 e4 15.
Nfd2 a5 16. a4 Qh4 17. f3 Nf6 18. Nc1 Bh6 19. Bxh6 Qxh6 20. Ra3 Kh8 21. Ne2 Nb4
22. Bb1 Nd3 23. Bxd3 Qe3+ 24. Kh1 exd3 25. Nc3 Qxd4 26. Nb3 Qf2 27. Qd2 Qxd2 28.
Nxd2 Bd7 29. Rd1 g5 30. Nb5 Bf5 31. Nd6 Bg6 32. Nxb7 Rfe8 33. Nc5 Rab8 34. Rb3
Rxb3 35. Ndxb3 Re2 36. Kg1 Rxb2 37. Nxa5 Ra2 38. Nab3 g4 39. Rd2 Ra3 40. Kf2
gxf3 41. gxf3 Nd7 42. Nxd7 Rxb3 43. Ke3 d4+ 44. Kf4 Kg7 45. Ke5 Ra3 46. Nc5 Be8
47. Rxd3 Rxd3 48. Nxd3 Bxa4 49. Nc5 Bd1 50. Ne6+ Kf7 51. Nxd4 Ba4 52. f4 Bd7 53.
f5 Ke7 54. Ne6 h6 55. Nc5 Bc6 56. Ne4 Bd7 57. Nf6 Bc8 58. Ng8+ Kf7 59. Nxh6+ Kg7
60. Ng4 Bd7 61. h4 Bc8 62. h5 1-0

[Event "26th Carlos Torre Mem"]
[Site "Merida MEX"]
[Date "2014.12.19"]
[Round "4.2"]
[White "Ramirez, Alejandro"]
[Black "Miranda Mesa, Elier"]
[Result "1-0"]
[WhiteTitle "GM"]
[BlackTitle "FM"]
[WhiteElo "2579"]
[BlackElo "2416"]
[WhiteFideId "6500617"]
[BlackFideId "3510697"]
[EventDate "2014.12.18"]

1. Nf3 d5 2. c4 c6 3. d4 Nf6 4. Qb3 dxc4 5. Qxc4 Bg4 6. Nbd2 Nbd7 7. g3 e6 8.
Bg2 Be7 9. O-O O-O 10. b3 Bf5 11. e3 Ne4 12. Bb2 h6 13. Qe2 Bh7 14. Nc4 a5 15.
a3 Nd6 16. Nfd2 Qc7 17. Rac1 Nxc4 18. Nxc4 Rfd8 19. e4 Nb6 20. Ne3 Qd7 21. Rfd1
Qe8 22. d5 Rac8 23. Bh3 Bf8 24. dxe6 fxe6 25. Qg4 Kh8 26. Qxe6 Qxe6 27. Bxe6
Rxd1+ 28. Rxd1 Re8 29. Bf5 Bg8 30. Rd3 c5 31. Bg6 Rc8 32. a4 c4 33. Nxc4 Bxc4
34. bxc4 Nxa4 35. Kg2 Nc5 36. Rd1 a4 37. e5 Nb3 38. Bc3 a3 39. Bc2 Nc5 40. f4 a2
41. Ra1 Ra8 42. Kf1 Be7 43. Ke2 Na4 44. Bd4 Bb4 45. Bb3 Rd8 46. Rxa2 Nc5 47.
Bxc5 Bxc5 48. Bc2 Kg8 49. Be4 b6 50. Bd5+ Kh8 51. Kf3 b5 52. Ra5 1-0

[Event "26th Carlos Torre Mem"]
[Site "Merida MEX"]
[Date "2014.12.19"]
[Round "4.3"]
[White "Otero Acosta, Diasmany"]
[Black "Bruzon Batista, Lazaro"]
[Result "0-1"]
[WhiteTitle "IM"]
[BlackTitle "GM"]
[WhiteElo "2473"]
[BlackElo "2668"]
[WhiteFideId "3503186"]
[BlackFideId "3503739"]
[EventDate "2014.12.18"]

1. d4 Nf6 2. c4 g6 3. Nc3 Bg7 4. e4 d6 5. Nf3 O-O 6. h3 e5 7. d5 Nh5 8. g3 Na6
9. Be2 f5 10. exf5 gxf5 11. Ng5 Nf6 12. g4 Qe8 13. Rg1 Kh8 14. Qc2 Qg6 15. a3 e4
16. Be3 f4 17. Bxf4 Nxg4 18. Bxg4 Rxf4 19. Bxc8 Rxc8 20. Ne2 Rxf2 21. O-O-O Qf6
22. Nxe4 Qxb2+ 23. Qxb2 Bxb2+ 24. Kd2 Rh2 25. Ng5 h6 26. Ne6 Nc5 27. Rdf1 Ne4+
28. Ke3 Ng5 29. N2f4 Rg8 30. Nxg5 hxg5 31. Ne6 Rxh3+ 32. Ke4 g4 33. Rb1 Be5 34.
Rxb7 g3 35. Rg2 Rh4+ 36. Kf3 Rxc4 37. Rxc7 Rxc7 38. Nxc7 Rc8 39. Nb5 Rf8+ 40.
Kg4 Rf7 41. a4 a6 42. Na3 Rf4+ 43. Kh3 Rxa4 44. Nc2 Re4 45. Rd2 a5 46. Kg2 Bc3 0-1